[Event "32nd ECC Open 2016"]
[Site "Novi Sad SRB"]
[Date "2016.11.09"]
[Round "4.10"]
[Board "5"]
[White "Stubberud, Ornulf"]
[Black "Khmelniker, Ilya"]
[Result "0-1"]
[WhiteTitle "FM"]
[BlackTitle "GM"]
[WhiteElo "2281"]
[BlackElo "2489"]
[WhiteTeam "Oslo Schakselskap"]
[BlackTeam "Beer Sheva Chess Club"]
[WhiteFideId "1503758"]
[BlackFideId "2805340"]
[EventDate "2016.11.06"]

1. c4 e5 2. g3 Nf6 3. Bg2 d5 4. cxd5 Nxd5 5. Nf3 Nc6 6. O-O Nb6 7. Nc3 Be7 8. a3
O-O 9. b4 Be6 10. Rb1 f6 11. d3 a5 12. b5 Nd4 13. e3 Nxf3+ 14. Bxf3 Qc8 15. Qe2
a4 16. Bb2 Rd8 17. Rfd1 Bb3 18. Rd2 Rb8 19. Bc1 c6 20. bxc6 bxc6 21. Qe1 Qa6 22.
Bd1 Bxd1 23. Qxd1 Nd5 24. Rxb8 Rxb8 25. Nxd5 cxd5 26. Rb2 Rxb2 27. Bxb2 Qb5 28.
Qc2 Kf7 29. e4 Qb3 30. Qc1 Qxd3 31. exd5 Qxd5 32. Qc2 Qb3 33. Qd2 Ke6 34. Qc1
Kd7 35. Qd2+ Kc6 36. Qc1+ Bc5 37. Kg2 Qd3 38. Bc3 Qc4 0-1

[Event "32nd ECC Open 2016"]
[Site "Novi Sad SRB"]
[Date "2016.11.09"]
[Round "4.10"]
[Board "6"]
[White "Sidorenko, Ilya"]
[Black "Moen, Ole Christian"]
[Result "1-0"]
[WhiteTitle "IM"]
[BlackTitle "FM"]
[WhiteElo "2413"]
[BlackElo "2165"]
[WhiteTeam "Beer Sheva Chess Club"]
[BlackTeam "Oslo Schakselskap"]
[WhiteFideId "2807769"]
[BlackFideId "1500457"]
[EventDate "2016.11.06"]

1. e4 e5 2. Nf3 Nc6 3. Bb5 a6 4. Ba4 d6 5. c3 Bd7 6. d4 Nf6 7. d5 Nb8 8. Bc2 g6
9. h3 Bg7 10. Be3 O-O 11. Qd2 c6 12. c4 b5 13. Nc3 c5 14. a3 bxc4 15. O-O Ra7
16. Qe2 Rb7 17. Rab1 Nh5 18. Nd2 Nf4 19. Bxf4 exf4 20. Nxc4 Bb5 21. Bd3 Re8 22.
Qf3 Qf6 23. e5 dxe5 24. Ne4 Qd8 25. Ncd6 f5 26. Nxb7 fxe4 27. Bxe4 Qb6 28. d6
Bxf1 29. Rxf1 Nd7 30. Rd1 Rb8 31. Bc6 e4 32. Qxe4 Bd4 1-0

[Event "32nd ECC Open 2016"]
[Site "Novi Sad SRB"]
[Date "2016.11.09"]
[Round "4.11"]
[Board "1"]
[White "Artemiev, Vladislav"]
[Black "Kazakovskiy, Valeriy"]
[Result "1-0"]
[WhiteTitle "GM"]
[BlackTitle "IM"]
[WhiteElo "2658"]
[BlackElo "2416"]
[WhiteTeam "Ladya Kazan"]
[BlackTeam "Ezerelio Vaivorykste"]
[WhiteFideId "24101605"]
[BlackFideId "13507443"]
[EventDate "2016.11.06"]

1. Nf3 Nf6 2. c4 e6 3. b3 d5 4. Bb2 a6 5. g3 b5 6. cxd5 exd5 7. a4 bxa4 8. Rxa4
c5 9. Bg2 Be7 10. O-O O-O 11. d4 Nbd7 12. Nbd2 Bb7 13. Qa1 Re8 14. e3 cxd4 15.
Nxd4 Nc5 16. Ra2 Qd7 17. Qb1 Nfe4 18. N2f3 Bd6 19. Ba1 a5 20. Rd1 h6 21. Bf1
Rec8 22. Qb2 Ne6 23. Bb5 Qc7 24. Nf5 Bb4 25. Qe2 Nc3 26. Bxc3 Bxc3 27. Rc2 Qd8
28. Bc4 Qf6 29. Bxd5 Ba6 30. Bc4 Bxc4 31. bxc4 Qxf5 32. Rxc3 Nc5 33. Nd4 Qe4 34.
Qa2 a4 35. Rb1 h5 36. h4 Ra6 37. Rb5 Rg6 38. Qc2 Qxc2 39. Rxc2 Ra6 40. Ra2 Ne4
41. Rb4 Nd6 42. Raxa4 Rxa4 43. Rxa4 Nxc4 44. Nf3 g6 45. Ra7 Rd8 46. Rc7 Nd6 47.
Ng5 Kf8 48. Kg2 Ke8 49. Nh7 Rc8 50. Ra7 Rc2 51. Kf3 Nc4 52. e4 Ne5+ 53. Kf4 Nc6
54. Nf6+ Kf8 55. Ra8+ Kg7 56. Ne8+ Kh6 57. f3 Nd4 58. Nd6 Rc7 59. Ke5 Nxf3+ 60.
Kf6 Kh7 61. Rf8 Rc6 62. Rxf7+ Kh6 63. e5 g5 64. Rf8 1-0

[Event "32nd ECC Open 2016"]
[Site "Novi Sad SRB"]
[Date "2016.11.09"]
[Round "4.11"]
[Board "3"]
[White "Timofeev, Artyom"]
[Black "Genutis, Mindaugas"]
[Result "1-0"]
[WhiteTitle "GM"]
[BlackTitle "FM"]
[WhiteElo "2598"]
[BlackElo "2310"]
[WhiteTeam "Ladya Kazan"]
[BlackTeam "Ezerelio Vaivorykste"]
[WhiteFideId "4140419"]
[BlackFideId "1407058"]
[EventDate "2016.11.06"]

1. e4 c5 2. Nf3 e6 3. d4 cxd4 4. Nxd4 Nc6 5. Nc3 Qc7 6. Be3 a6 7. Qd2 Nf6 8.
O-O-O Bb4 9. f3 Ne5 10. Nb3 b5 11. Qe1 Be7 12. f4 Ng6 13. e5 Ng4 14. Ne4 Nxe3
15. Qxe3 O-O 16. h4 f5 17. exf6 Bxf6 18. g3 Bb7 19. Bd3 e5 20. h5 Ne7 21. Nxf6+
gxf6 22. fxe5 Qxe5 23. Rhe1 Qxe3+ 24. Rxe3 Rf7 25. Rde1 Kf8 26. Nc5 Bc6 27. c4
bxc4 28. Bxc4 Nf5 29. Rc3 Rg7 30. Rf1 Nxg3 31. Rxf6+ Ke7 32. h6 Rg5 33. Rf7+ Kd6
34. b4 Ke5 35. Rg7 Ne4 36. Nxe4 Rh5 37. Rg5+ Rxg5 38. Nxg5 Kd4 39. Kb2 1-0

[Event "32nd ECC Open 2016"]
[Site "Novi Sad SRB"]
[Date "2016.11.09"]
[Round "4.11"]
[Board "4"]
[White "Samsonov, Vyacheslav"]
[Black "Hasangatin, Ramil"]
[Result "0-1"]
[BlackTitle "GM"]
[WhiteElo "2139"]
[BlackElo "2505"]
[WhiteTeam "Ezerelio Vaivorykste"]
[BlackTeam "Ladya Kazan"]
[WhiteFideId "2806290"]
[BlackFideId "4122160"]
[EventDate "2016.11.06"]

1. d4 d6 2. Nf3 Nf6 3. g3 Nbd7 4. Bg2 e5 5. dxe5 dxe5 6. O-O Bc5 7. Nc3 c6 8. a3
a5 9. e4 Qc7 10. Qe2 O-O 11. Be3 b5 12. Rfd1 Be7 13. Nh4 g6 14. Bh6 Re8 15. h3
Ba6 16. Qe3 Nh5 17. Nf3 Nf8 18. Ne2 Ne6 19. Ng5 Nhg7 20. h4 Rad8 21. Bh3 Bc8 22.
Kh2 Nxg5 23. Bxg5 Bxg5 24. Qxg5 Qb6 25. Qf6 Nh5 26. Qf3 Bxh3 27. Kxh3 Qc5 28. c3
Qc4 29. Qe3 Nf6 30. f3 Qb3 31. Rd2 Kg7 32. Kg2 Rxd2 33. Qxd2 Re7 34. Nc1 Qe6 35.
Nd3 Rd7 36. Qe2 Qc4 37. Rd1 Rd6 38. Rd2 Nd7 39. Qe3 h5 40. Kg1 Qe6 41. Kg2 c5
42. b4 cxb4 43. cxb4 Qb3 44. Qe2 Qc3 45. Kh3 Qxa3 46. bxa5 Qxa5 47. Rb2 Qc3 48.
Nb4 Qc1 49. Kh2 Rd1 50. Qg2 Rh1+ 0-1

[Event "32nd ECC Open 2016"]
[Site "Novi Sad SRB"]
[Date "2016.11.09"]
[Round "4.11"]
[Board "5"]
[White "Faizrakhmanov, Ramil"]
[Black "Olkhovskiy, Alexander"]
[Result "1-0"]
[WhiteTitle "FM"]
[WhiteElo "2422"]
[BlackElo "2095"]
[WhiteTeam "Ladya Kazan"]
[BlackTeam "Ezerelio Vaivorykste"]
[WhiteFideId "24103209"]
[BlackFideId "34188611"]
[EventDate "2016.11.06"]

1. d4 Nf6 2. c4 e6 3. Nf3 Bb4+ 4. Bd2 Qe7 5. g3 Nc6 6. Nc3 Bxc3 7. Bxc3 Ne4 8.
Rc1 Nxc3 9. Rxc3 d6 10. d5 Nb8 11. dxe6 fxe6 12. Bg2 O-O 13. O-O a5 14. Nd4 c6
15. Re3 Na6 16. Qd2 e5 17. f4 Nc5 18. Nf3 e4 19. Nd4 a4 20. b4 axb3 21. axb3 d5
22. cxd5 cxd5 23. Rc3 Bd7 24. Rfc1 Rfc8 25. Nb5 b6 26. Qxd5+ Be6 27. Qe5 Qd7 28.
Bxe4 Re8 29. Bxa8 Qxb5 30. Bd5 Bxd5 31. Qxd5+ Kh8 32. Qc4 Qd7 33. b4 Ne4 34. Rd3
Qe7 35. Qc7 Qxb4 36. Rd8 Nf6 37. Rxe8+ Nxe8 38. Qd7 1-0

[Event "32nd ECC Open 2016"]
[Site "Novi Sad SRB"]
[Date "2016.11.09"]
[Round "4.11"]
[Board "6"]
[White "Razuvajeva, Juli"]
[Black "Murtazin, Bulat"]
[Result "0-1"]
[WhiteTitle "WIM"]
[BlackTitle "FM"]
[WhiteElo "2182"]
[BlackElo "2384"]
[WhiteTeam "Ezerelio Vaivorykste"]
[BlackTeam "Ladya Kazan"]
[WhiteFideId "4119878"]
[BlackFideId "24151351"]
[EventDate "2016.11.06"]

1. d4 Nf6 2. Nf3 g6 3. c4 Bg7 4. Nc3 O-O 5. e4 d6 6. Be2 e5 7. dxe5 dxe5 8. Qxd8
Rxd8 9. Bg5 Na6 10. Nd5 Nxd5 11. Bxd8 Nf4 12. g3 Nxe2 13. Kxe2 Be6 14. Be7 Bxc4+
15. Kd2 Re8 16. Ba3 Bh6+ 17. Kc3 Be2 18. Nd2 Rd8 19. Nc4 b5 20. Nxe5 b4+ 21.
Bxb4 Bd2+ 22. Kb3 Bxb4 23. a3 Bd2 24. Nc6 Rd6 25. Ne7+ Kf8 26. Nd5 Nc5+ 27. Kc2
Nxe4 28. Nc3 Bd3+ 29. Kb3 Rb6+ 0-1

[Event "32nd ECC Open 2016"]
[Site "Novi Sad SRB"]
[Date "2016.11.09"]
[Round "4.12"]
[Board "1"]
[White "Predojevic, Borki"]
[Black "Dambacher, Martijn"]
[Result "1/2-1/2"]
[WhiteTitle "GM"]
[BlackTitle "GM"]
[WhiteElo "2636"]
[BlackElo "2479"]
[WhiteTeam "Vaalerenga Chess Club"]
[BlackTeam "KSK47 Eynatten"]
[WhiteFideId "930849"]
[BlackFideId "1005030"]
[EventDate "2016.11.06"]

1. e4 c5 2. Nf3 d6 3. Bb5+ Bd7 4. Bxd7+ Qxd7 5. c4 g6 6. d4 cxd4 7. Nxd4 Bg7 8.
Nc3 Nf6 9. f3 O-O 10. Be3 Nc6 11. Rc1 a6 12. Nxc6 Qxc6 13. b3 Rfc8 14. a4 Qe8
15. O-O Nd7 16. a5 Qf8 17. Qd2 Rc6 18. Rfd1 Rd8 19. Na4 Rdc8 20. Rc2 Be5 21. Kh1
Bg7 22. Qb4 R8c7 23. Nc3 e6 24. Na4 Qb8 25. Qd2 Rc8 26. Bf4 Be5 27. Bxe5 Nxe5
28. Nb6 Rd8 29. b4 Nd7 30. b5 axb5 31. Nxd7 Rxd7 32. cxb5 Rxc2 33. Qxc2 d5 34.
exd5 Rxd5 35. Rxd5 exd5 36. h3 d4 37. a6 bxa6 38. bxa6 Qa8 39. Qc4 Qd8 40. Qd3
Qa5 41. Qxd4 Qxa6 42. Kg1 h5 1/2-1/2

[Event "32nd ECC Open 2016"]
[Site "Novi Sad SRB"]
[Date "2016.11.09"]
[Round "4.12"]
[Board "2"]
[White "Swinkels, Robin"]
[Black "Romanov, Evgeny"]
[Result "1/2-1/2"]
[WhiteTitle "GM"]
[BlackTitle "GM"]
[WhiteElo "2480"]
[BlackElo "2633"]
[WhiteTeam "KSK47 Eynatten"]
[BlackTeam "Vaalerenga Chess Club"]
[WhiteFideId "1010824"]
[BlackFideId "4148843"]
[EventDate "2016.11.06"]

1. d4 Nf6 2. c4 e6 3. g3 c5 4. d5 exd5 5. cxd5 d6 6. Nc3 g6 7. Bg2 Bg7 8. Nf3
O-O 9. O-O Re8 10. Bf4 Na6 11. Re1 Bg4 12. Nd2 Nh5 13. Be3 Qd7 14. Qb3 Rab8 15.
Nce4 b5 16. f3 Bf5 17. Bf2 Nc7 18. Rad1 a5 19. a3 c4 20. Qa2 a4 21. Nc3 Bxc3 22.
bxc3 Nxd5 23. Qb2 Bh3 24. Ne4 Bxg2 25. Kxg2 Nhf6 26. Nxf6+ Nxf6 27. e4 Qc6 28.
Re2 d5 29. Red2 Rbd8 30. Rd4 Rd7 31. Qd2 Red8 32. e5 Ne8 33. Qh6 f6 34. exf6
Qxf6 35. Rf4 Qg7 36. Qh3 Re7 37. Bd4 Re2+ 38. Kf1 Qe7 39. Qh6 Re6 40. h4 Nc7 41.
Qg5 Qxg5 42. hxg5 b4 43. cxb4 Nb5 44. Bf6 Rdd6 45. Bd4 Nxa3 46. Ra1 Nb5 47. Rxa4
Ra6 48. Rxa6 Rxa6 49. Ke2 Ra2+ 50. Kd1 c3 51. Bc5 d4 52. Rf8+ Kg7 53. Re8 d3 54.
Re7+ Kg8 55. Re8+ Kf7 56. Re7+ Kg8 1/2-1/2

[Event "32nd ECC Open 2016"]
[Site "Novi Sad SRB"]
[Date "2016.11.09"]
[Round "4.12"]
[Board "3"]
[White "Tari, Aryan"]
[Black "Koch, Thomas1"]
[Result "1-0"]
[WhiteTitle "GM"]
[BlackTitle "IM"]
[WhiteElo "2572"]
[BlackElo "2472"]
[WhiteTeam "Vaalerenga Chess Club"]
[BlackTeam "KSK47 Eynatten"]
[WhiteFideId "1510045"]
[BlackFideId "4600533"]
[EventDate "2016.11.06"]

1. e4 c5 2. Nf3 d6 3. d4 cxd4 4. Nxd4 Nf6 5. Nc3 a6 6. h3 e6 7. g4 d5 8. exd5
Nxd5 9. Nde2 Bb4 10. Bg2 O-O 11. O-O Nxc3 12. bxc3 Bc5 13. Nd4 Qc7 14. Rb1 Ra7
15. Nb3 Nd7 16. Nxc5 Nxc5 17. Be3 b6 18. Qd4 e5 19. Qb4 Be6 20. a4 Rc8 21. Qxb6
Qxb6 22. Rxb6 Rac7 23. a5 Bc4 24. Rd1 Na4 25. Rb7 f6 26. Rd8+ Rxd8 27. Rxc7 Nb2
28. Kh2 Rd1 29. Rb7 Rb1 30. Rb6 Kf7 31. Bc5 Na4 32. Rxb1 Nxc5 33. Rb6 Bb5 34. c4
Ba4 35. Bb7 1-0

[Event "32nd ECC Open 2016"]
[Site "Novi Sad SRB"]
[Date "2016.11.09"]
[Round "4.12"]
[Board "4"]
[White "Hammes, Michael"]
[Black "Bosiocic, Marin"]
[Result "1/2-1/2"]
[WhiteTitle "IM"]
[BlackTitle "GM"]
[WhiteElo "2332"]
[BlackElo "2586"]
[WhiteTeam "KSK47 Eynatten"]
[BlackTeam "Vaalerenga Chess Club"]
[WhiteFideId "4619358"]
[BlackFideId "14507927"]
[EventDate "2016.11.06"]

1. d4 Nf6 2. Nf3 d6 3. c4 Nbd7 4. Nc3 e5 5. e4 g6 6. Be2 Bg7 7. O-O O-O 8. Re1
c6 9. d5 Nc5 10. Qc2 cxd5 11. cxd5 Qc7 12. Qb1 a5 13. Nd2 Bd7 14. a4 Rfc8 15.
Ra3 Bh6 16. Bb5 Bxb5 17. Nxb5 Qd8 18. Rh3 Nh5 19. b3 Bxd2 20. Bxd2 Qe7 21. Rc3
b6 22. Qd1 f6 23. Na3 Rab8 24. Qe2 Ng7 25. Nb5 Re8 26. f3 f5 27. exf5 Nxf5 28.
Be3 Qf7 29. Qd2 Rbd8 30. Bf2 Qg7 31. Qd1 g5 32. Rc4 Qg6 33. b4 axb4 34. Rxb4 h5
35. Nc3 Ne7 36. Ne4 Nc8 37. Be3 Rd7 38. Rc4 Rg7 39. Nf2 Ne7 40. a5 b5 41. Rb4
Na6 42. Rxb5 Nc7 43. Rb7 Nexd5 44. Bb6 g4 45. fxg4 e4 46. Qb3 Kh7 47. Bxc7 Nxc7
48. Qh3 Re5 49. Qc3 e3 50. Nd1 Nd5 51. Rxg7+ Kxg7 52. Qd4 Qxg4 53. Qxg4+ hxg4
54. a6 Re7 55. Kf1 Kg6 1/2-1/2

[Event "32nd ECC Open 2016"]
[Site "Novi Sad SRB"]
[Date "2016.11.09"]
[Round "4.12"]
[Board "5"]
[White "Sagafos, Magne"]
[Black "Stillger, Bernhard"]
[Result "1/2-1/2"]
[WhiteTitle "IM"]
[BlackTitle "FM"]
[WhiteElo "2397"]
[BlackElo "2255"]
[WhiteTeam "Vaalerenga Chess Club"]
[BlackTeam "KSK47 Eynatten"]
[WhiteFideId "1502506"]
[BlackFideId "4610768"]
[EventDate "2016.11.06"]

1. e4 e6 2. d4 d5 3. Nc3 Nf6 4. e5 Nfd7 5. f4 c5 6. Nf3 Qb6 7. Ne2 Nc6 8. c3 f6
9. g3 cxd4 10. Nexd4 Nxd4 11. cxd4 Bb4+ 12. Kf2 O-O 13. Kg2 Be7 14. Bd3 Rf7 15.
h4 Nf8 16. Qe2 Bd7 17. h5 a6 18. a4 Rc8 19. Bd2 Be8 20. g4 a5 21. Be3 Qb3 22.
exf6 Bxf6 23. g5 Bd8 24. g6 Rfc7 25. gxh7+ Nxh7 26. h6 g6 27. Bd2 Bf7 28. Bc3
Bf6 29. Ne5 Nf8 30. Ng4 Bh8 31. h7+ Nxh7 32. Nh6+ Kf8 33. Nxf7 Rxf7 34. Qxe6 Rc6
35. Qe3 Re7 36. Qf3 Qb6 37. Rae1 Rce6 38. Rxe6 Qxe6 39. Re1 Qd6 40. Re5 Nf6 41.
Bxg6 Ne4 42. Qh5 Bxe5 43. dxe5 Qxg6+ 44. Qxg6 Rg7 45. Qxg7+ Kxg7 46. Bxa5 Kg6
47. Kf3 Kf5 48. Be1 Nc5 49. Ke3 Nxa4 50. Kd4 Nxb2 51. Kxd5 Nd3 52. Bd2 Nf2 53.
Be3 Ng4 54. Bd4 Nh6 55. Be3 Ng8 56. Kd6 b5 57. Kc5 Ke6 58. Bg1 Ne7 59. Kxb5 Nd5
60. Bh2 Ne3 61. Kc5 Nf5 62. Kc4 Ne3+ 63. Kd3 Nf5 64. Ke4 Ne7 65. Bg3 Nf5 66. Be1
Ng7 67. Bh4 Nf5 68. Bg5 Ng3+ 69. Kf3 Nf5 1/2-1/2

[Event "32nd ECC Open 2016"]
[Site "Novi Sad SRB"]
[Date "2016.11.09"]
[Round "4.12"]
[Board "6"]
[White "Vanstreels, Luc"]
[Black "Svendsen, Bertil"]
[Result "1-0"]
[WhiteElo "2108"]
[BlackElo "2229"]
[WhiteTeam "KSK47 Eynatten"]
[BlackTeam "Vaalerenga Chess Club"]
[WhiteFideId "205737"]
[BlackFideId "1502808"]
[EventDate "2016.11.06"]

1. d4 Nf6 2. c4 e6 3. Nc3 Bb4 4. Qc2 O-O 5. Nf3 c5 6. dxc5 Na6 7. c6 bxc6 8. e3
Nc5 9. Bd2 d6 10. a3 Bxc3 11. Bxc3 Nce4 12. Bxf6 Nxf6 13. Be2 a5 14. c5 d5 15.
b3 Qc7 16. O-O e5 17. b4 Ba6 18. Bxa6 Rxa6 19. Rab1 axb4 20. Rxb4 Ne4 21. Rfb1
Rxa3 22. Rb7 Qa5 23. Nxe5 Ra1 24. h4 Rxb1+ 25. Rxb1 Qc7 26. f4 f6 27. Nf3 Qe7
28. Nd4 Nxc5 29. Nf5 Qe4 30. Qxe4 Nxe4 31. Ne7+ Kh8 32. Nxc6 h5 33. Ne7 Rd8 34.
Rb5 Rd7 35. Ng6+ Kg8 36. Rb8+ Kf7 37. f5 1-0

[Event "32nd ECC Open 2016"]
[Site "Novi Sad SRB"]
[Date "2016.11.09"]
[Round "4.13"]
[Board "1"]
[White "Schroeder, Jan-Christian"]
[Black "Papp, Gabor1"]
[Result "1/2-1/2"]
[WhiteTitle "GM"]
[BlackTitle "GM"]
[WhiteElo "2521"]
[BlackElo "2587"]
[WhiteTeam "The Smashing Pawns Bieles"]
[BlackTeam "CSM Baia Mare"]
[WhiteFideId "24662259"]
[BlackFideId "718602"]
[EventDate "2016.11.06"]

1. e4 c5 2. Nf3 Nc6 3. d4 cxd4 4. Nxd4 g6 5. c4 Nf6 6. Nc3 d6 7. Be2 Nxd4 8.
Qxd4 Bg7 9. Be3 O-O 10. Qd2 a5 11. O-O a4 12. f3 Qa5 13. Rac1 Be6 14. Rfd1 Rfc8
15. Nb5 Qxd2 16. Rxd2 Nd7 17. Rdc2 Nc5 18. Nc3 a3 19. b3 Na6 20. Rd2 Nb4 21. Kf2
Ra5 22. Bb6 Ra6 23. Bd4 Bh6 24. Be3 Bg7 25. Bd4 Bh6 26. Be3 Bg7 1/2-1/2

[Event "32nd ECC Open 2016"]
[Site "Novi Sad SRB"]
[Date "2016.11.09"]
[Round "4.13"]
[Board "2"]
[White "Erdos, Viktor"]
[Black "Frischmann, Rick"]
[Result "1-0"]
[WhiteTitle "GM"]
[WhiteElo "2585"]
[BlackElo "2312"]
[WhiteTeam "CSM Baia Mare"]
[BlackTeam "The Smashing Pawns Bieles"]
[WhiteFideId "719978"]
[BlackFideId "24660752"]
[EventDate "2016.11.06"]

1. d4 Nf6 2. c4 g6 3. Nf3 Bg7 4. e3 O-O 5. Be2 c5 6. d5 e6 7. Nc3 exd5 8. cxd5
d6 9. Nd2 Re8 10. O-O Nbd7 11. a4 h6 12. Ra3 a6 13. Kh1 Rb8 14. a5 Qc7 15. f3 g5
16. Nc4 Ne5 17. Nxe5 Rxe5 18. e4 Qe7 19. f4 gxf4 20. Bxf4 Rg5 21. e5 Rxe5 22.
Bxe5 Qxe5 23. Ra4 b5 24. axb6 Rxb6 25. Qc2 h5 26. Raf4 Bg4 27. Bc4 Rb4 28. h3
Bc8 29. b3 Nh7 30. Rxf7 Qxc3 31. Qg6 Bxh3 32. R7f3 Bxg2+ 33. Kxg2 Qe5 34. Qe6+
Kh8 35. Qc8+ Nf8 36. Rxf8+ Kh7 37. Qf5+ Kh6 38. Rf6+ Bxf6 39. Qxf6+ Qxf6 40.
Rxf6+ Kg5 41. Rxd6 1-0

[Event "32nd ECC Open 2016"]
[Site "Novi Sad SRB"]
[Date "2016.11.09"]
[Round "4.13"]
[Board "3"]
[White "Wild, Achim"]
[Black "Vajda, Levente"]
[Result "0-1"]
[BlackTitle "GM"]
[WhiteElo "2230"]
[BlackElo "2597"]
[WhiteTeam "The Smashing Pawns Bieles"]
[BlackTeam "CSM Baia Mare"]
[WhiteFideId "4658728"]
[BlackFideId "1203975"]
[EventDate "2016.11.06"]

1. Nf3 Nf6 2. c4 g6 3. g3 Bg7 4. Bg2 O-O 5. O-O d6 6. d4 Nbd7 7. Nc3 e5 8. e4
exd4 9. Nxd4 Re8 10. h3 a6 11. Be3 Rb8 12. b3 Qe7 13. Re1 c5 14. Nf3 b5 15. Bf4
Rb6 16. a4 bxc4 17. bxc4 Bf8 18. Qc2 Qd8 19. Rad1 Bb7 20. Bd2 Qb8 21. Bc1 Bc6
22. Nd5 Rb3 23. Nd2 Rb7 24. Ba3 Qd8 25. Bb2 Nxd5 26. cxd5 Bxa4 27. Qxa4 Rxb2 28.
Qxa6 Nb6 29. e5 Rxe5 30. Rxe5 dxe5 31. Qa1 Rb4 32. Qxe5 Rd4 33. Qe1 Qe7 34. Nb3
Rd3 35. Nc1 Qxe1+ 36. Rxe1 Rd2 37. Nb3 Rb2 38. Na5 Ra2 39. Rb1 Na4 40. Rb8 Ra1+
41. Kh2 Kg7 42. Rb7 Ra2 43. Kg1 Nb2 44. Bf1 Nd1 45. Nc6 Rxf2 46. Nd8 Bd6 47. Bb5
Bxg3 48. Ne6+ Kh6 49. Nxc5 f5 50. Ne6 Ne3 51. Rd7 Rc2 0-1

[Event "32nd ECC Open 2016"]
[Site "Novi Sad SRB"]
[Date "2016.11.09"]
[Round "4.13"]
[Board "4"]
[White "Georgescu, Tiberiu-Marian"]
[Black "Linster, Philippe"]
[Result "1-0"]
[WhiteTitle "GM"]
[WhiteElo "2460"]
[BlackElo "2229"]
[WhiteTeam "CSM Baia Mare"]
[BlackTeam "The Smashing Pawns Bieles"]
[WhiteFideId "1213300"]
[BlackFideId "4001206"]
[EventDate "2016.11.06"]

1. Nf3 Nf6 2. g3 d5 3. Bg2 Bg4 4. c4 c6 5. Ne5 Be6 6. cxd5 Bxd5 7. Nf3 e5 8. d3
Bxf3 9. Bxf3 Nbd7 10. Nc3 Bc5 11. O-O O-O 12. a3 a5 13. Rb1 Qe7 14. Bd2 Rfd8 15.
Qc2 Bd6 16. Na4 b5 17. Nc3 Rac8 18. Na2 b4 19. axb4 axb4 20. Nc1 c5 21. Nb3 h6
22. Na5 Nb8 23. Ra1 Qc7 24. Rfc1 Re8 25. Bb7 Rcd8 26. Bxb4 cxb4 27. Qxc7 Bxc7
28. Rxc7 e4 29. dxe4 Nxe4 30. Bxe4 Rxe4 31. Nb7 Rf8 32. e3 Re6 33. Nc5 Rc6 34.
Raa7 Rc8 35. Rxc8+ Rxc8 36. Rb7 Nc6 37. Nd3 Rd8 38. Nxb4 Ne5 39. Rb5 f6 40. Nd5
Nc4 41. b3 Nd6 42. Ra5 Nb7 43. Ra7 Rxd5 44. Rxb7 Rd2 45. Kg2 Rb2 46. e4 Kf8 47.
h4 h5 48. Rb5 Kf7 49. Rxh5 Rxb3 50. Rc5 Ra3 51. h5 Rb3 52. Rc7+ Kf8 53. g4 Ra3
54. f3 Rb3 55. Kg3 Ra3 56. Kf4 Rb3 57. h6 gxh6 58. Rh7 Kg8 59. Rxh6 Kg7 60. Rh5
Kg6 61. Rf5 Rb4 62. g5 fxg5+ 63. Rxg5+ Kf6 64. Ra5 Rb6 65. Ra8 Rc6 66. Rh8 Rc3
67. Rh6+ Ke7 68. Ra6 Rb3 69. e5 Kf7 70. Ke4 Ke7 71. f4 Rb1 72. Ra7+ Ke8 73. Kf5 1-0

[Event "32nd ECC Open 2016"]
[Site "Novi Sad SRB"]
[Date "2016.11.09"]
[Round "4.13"]
[Board "5"]
[White "Gengler, Pierre"]
[Black "Dolana, Andrei-Theodor"]
[Result "0-1"]
[BlackTitle "FM"]
[WhiteElo "2243"]
[BlackElo "2297"]
[WhiteTeam "The Smashing Pawns Bieles"]
[BlackTeam "CSM Baia Mare"]
[WhiteFideId "4000714"]
[BlackFideId "1219804"]
[EventDate "2016.11.06"]

1. g3 c5 2. Bg2 Nc6 3. Nf3 g6 4. O-O Bg7 5. e4 d6 6. c3 e5 7. Na3 Nf6 8. d4 exd4
9. cxd4 Bg4 10. dxc5 dxc5 11. Qa4 O-O 12. e5 Bxf3 13. Bxf3 Nxe5 14. Bxb7 Rb8 15.
Bg2 Qc7 16. Bd2 Nfd7 17. Bc3 c4 18. Rad1 Nc5 19. Qc2 Ncd3 20. h3 Nxb2 21. Rd5
Qe7 22. Nb5 Ned3 23. Bxg7 Kxg7 24. Rb1 Kg8 25. Nd6 Nb4 0-1

[Event "32nd ECC Open 2016"]
[Site "Novi Sad SRB"]
[Date "2016.11.09"]
[Round "4.13"]
[Board "6"]
[White "Szabo, Attila1"]
[Black "Jacques, Robert"]
[Result "1-0"]
[WhiteTitle "FM"]
[WhiteElo "2312"]
[BlackElo "2129"]
[WhiteTeam "CSM Baia Mare"]
[BlackTeam "The Smashing Pawns Bieles"]
[WhiteFideId "1206532"]
[BlackFideId "603643"]
[EventDate "2016.11.06"]

1. e4 d5 2. exd5 Qxd5 3. Nc3 Qa5 4. d4 Nf6 5. Nf3 Bg4 6. h3 Bxf3 7. Qxf3 c6 8.
Bc4 e6 9. O-O Bd6 10. Ne4 Be7 11. Nxf6+ Bxf6 12. c3 O-O 13. b4 Qa4 14. Bb3 Qb5
15. a4 Qb6 16. Be3 Qc7 17. Rac1 Nd7 18. Rfd1 a5 19. b5 Rac8 20. c4 e5 21. d5 c5
22. d6 Qb6 23. Bc2 Rfd8 24. Be4 Rb8 25. Rd5 g6 26. Rcd1 Bg7 27. g4 Qa7 28. h4
Rbc8 29. h5 Qb6 30. Kg2 Bf8 31. Bg5 Re8 32. hxg6 hxg6 33. Rh1 Re6 34. Qh3 Bg7
35. Qh7+ 1-0

[Event "32nd ECC Open 2016"]
[Site "Novi Sad SRB"]
[Date "2016.11.09"]
[Round "4.14"]
[Board "1"]
[White "Wantiez, Fabrice"]
[Black "Edouard, Romain"]
[Result "0-1"]
[WhiteTitle "FM"]
[BlackTitle "GM"]
[WhiteElo "2315"]
[BlackElo "2628"]
[WhiteTeam "Cercle d'Echecs Fontainois"]
[BlackTeam "KGSRL Gent"]
[WhiteFideId "202274"]
[BlackFideId "633429"]
[EventDate "2016.11.06"]

1. e4 c5 2. Nf3 Nc6 3. d4 cxd4 4. Nxd4 e5 5. Nb3 Nf6 6. Nc3 d6 7. Be2 Be7 8. Be3
Be6 9. O-O O-O 10. f3 a5 11. Qd2 a4 12. Nc1 Ra5 13. a3 d5 14. exd5 Nxd5 15. Nxd5
Rxd5 16. Bd3 Nd4 17. Qf2 Qc8 18. Na2 f5 19. Nc3 Rdd8 20. Qe1 Bf6 21. Rc1 Qc6 22.
Ne2 Nb5 23. Qb4 Nd6 24. Nc3 e4 25. fxe4 Bxc3 26. bxc3 fxe4 27. Be2 Rxf1+ 28.
Rxf1 Bc4 29. Bxc4+ Nxc4 30. Bd4 Re8 31. Re1 e3 32. Qb1 Nxa3 33. Qa2+ Nc4 34.
Rxe3 Rxe3 35. Bxe3 Qe4 36. Bf2 a3 37. h3 b5 38. Qb1 Qa8 39. Qxb5 a2 40. Qxc4+
Kh8 41. Kh2 a1=Q 42. Qd3 Q1a6 43. Qd2 h6 44. Bg3 Qe4 0-1